[Event "Madrid-ch sub-14 femenino"]
[Site "Madrid ESP"]
[Date "2016.04.24"]
[Round "6.2"]
[White "Rial Rodriguez, Marta"]
[Black "Ruperez Benito, Yaiza"]
[Result "1-0"]
[WhiteElo "1481"]
[BlackElo "1477"]
[PlyCount "181"]
[EventDate "2016.04.16"]
[EventType "tourn"]
[EventRounds "7"]
[EventCountry "ESP"]
[SourceTitle "Ajedrez en Madrid"]
[Source "lmi"]
[SourceDate "2016.04.16"]

1. e4 e6 2. d4 d5 3. e5 c5 4. c3 Nc6 5. Nf3 Nge7 6. a3 a5 7. Be3 Qb6 8. Qe2 Nf5
9. Qb5 Qa7 10. Qd3 Be7 11. a4 b6 12. Na3 Qd7 13. Nb5 Ba6 14. Be2 c4 15. Qc2
Bxb5 16. axb5 Na7 17. b3 Nxb5 18. bxc4 Na3 19. Qb3 a4 20. Qa2 O-O 21. cxd5 Qxd5
22. O-O Qa5 23. Bd2 Nb5 24. Qc4 Na3 25. Qd3 b5 26. Qe4 Nc4 27. Bxc4 bxc4 28.
Qc6 Rfc8 29. Qb7 h6 30. Ne1 Rcb8 31. Qd7 Rb2 32. Nf3 a3 33. Rfd1 Kh7 34. g4 Ra7
35. Qc6 Nh4 36. Nxh4 Bxh4 37. Qe4+ Kg8 38. Qe3 Qd5 39. Rdb1 Qb7 40. Rf1 a2 41.
Qe1 Qf3 42. Qd1 Qe4 43. Re1 Qg6 44. h3 h5 45. Be3 hxg4 46. Qxg4 Qxg4+ 47. hxg4
Ra3 48. Rec1 Kh7 49. Kf1 Rxc3 50. Rxc3 Rb1+ 51. Rc1 Rb2 52. Ke1 Rb3 53. Kd1 Rb2
54. f3 Be7 55. Rc2 Rb1+ 56. Rc1 Rb2 57. Bd2 Kg8 58. Bc3 Rg2 59. Rc2 Rg1+ 60.
Be1 Bb4 61. Re2 c3 62. Raxa2 Kf8 63. Kc2 Ke8 64. Bxc3 Bxc3 65. Kxc3 Kd7 66. Kd3
Rd1+ 67. Ke4 Kc6 68. Ra7 Kb5 69. Rxf7 Kc4 70. Rd7 g5 71. Rc2+ Kb3 72. Re2 Kc4
73. Rc7+ Kb3 74. Re3+ Kb2 75. f4 gxf4 76. Kxf4 Rxd4+ 77. Re4 Rd3 78. Kg5 Rg3
79. Kf6 Rf3+ 80. Kxe6 Rh3 81. Kd7 Rh7+ 82. Kc8 Rh8+ 83. Kb7 Rh3 84. e6 Rb3+ 85.
Kc8 Rh3 86. e7 Rb3 87. Rb7 Rxb7 88. Kxb7 Ka1 89. Rb4 Ka2 90. e8=Q Ka1 91. Qa8#
1-0

[Event "Madrid-ch sub-14 femenino"]
[Site "Madrid ESP"]
[Date "2016.04.24"]
[Round "6.3"]
[White "Bermejo Calvo, Nora"]
[Black "Perez Rodrigo, Alicia"]
[Result "0-1"]
[WhiteElo "1276"]
[BlackElo "1392"]
[PlyCount "100"]
[EventDate "2016.04.16"]
[EventType "tourn"]
[EventRounds "7"]
[EventCountry "ESP"]
[SourceTitle "Ajedrez en Madrid"]
[Source "lmi"]
[SourceDate "2016.04.16"]

1. d4 Nf6 2. Nf3 e6 3. Bf4 Nc6 4. e3 d5 5. Bd3 Bd6 6. Bg3 O-O 7. c3 Re8 8. Ne5
Nd7 9. f4 f6 10. Nxc6 bxc6 11. Nd2 e5 12. fxe5 fxe5 13. O-O exd4 14. exd4 Bxg3
15. hxg3 Re3 16. Nf3 Nf6 17. Bc2 Bg4 18. Qd2 Qe7 19. Rae1 Rxe1 20. Rxe1 Qd6 21.
Qf4 Qxf4 22. gxf4 Nh5 23. Ne5 Nxf4 24. Nxg4 Rf8 25. Ne5 Rf6 26. Ba4 h5 27. Bxc6
g5 28. Rf1 Ne2+ 29. Kh2 Rxf1 30. Bxd5+ Kg7 31. Bf3 Nf4 32. g4 Nd3 33. gxh5 Nxe5
34. Bg2 Ng4+ 35. Kh3 Rg1 36. Kxg4 Rxg2+ 37. Kf3 Rxb2 38. c4 Kh6 39. Kg4 Rxa2
40. d5 Rd2 41. Kg3 Kxh5 42. Kh3 g4+ 43. Kg3 Rd3+ 44. Kh2 Kh4 45. c5 g3+ 46. Kg2
Rxd5 47. c6 Rd2+ 48. Kh1 Rh2+ 49. Kg1 Kh3 50. Kf1 g2+ 0-1

[Event "Madrid-ch sub-14 femenino"]
[Site "Madrid ESP"]
[Date "2016.04.24"]
[Round "6.4"]
[White "Ruperez Benito, Paula"]
[Black "Garcia Pardo, Maria Del Carmen"]
[Result "1/2-1/2"]
[WhiteElo "1478"]
[BlackElo "1543"]
[PlyCount "54"]
[EventDate "2016.04.16"]
[EventType "tourn"]
[EventRounds "7"]
[EventCountry "ESP"]
[SourceTitle "Ajedrez en Madrid"]
[Source "lmi"]
[SourceDate "2016.04.16"]

1. e4 e5 2. Nf3 Nc6 3. Bc4 Bc5 4. c3 Nf6 5. d4 exd4 6. e5 d5 7. Bb5 Ne4 8. cxd4
Bb6 9. h3 O-O 10. O-O f6 11. Nc3 Bf5 12. Be3 Ne7 13. Nxe4 Bxe4 14. exf6 Rxf6
15. Bg5 Rg6 16. Bh4 Bxf3 17. Qxf3 Bxd4 18. Rad1 Rb6 19. Bxe7 Qxe7 20. Qxd5+ Kh8
21. Qxd4 Rxb5 22. Rfe1 Qf8 23. Re2 h6 24. Rde1 Kh7 25. Qd3+ Qf5 26. Qc3 Rc5 27.
Qg3 Qg5 1/2-1/2

[Event "Madrid-ch sub-14 femenino"]
[Site "Madrid ESP"]
[Date "2016.04.24"]
[Round "7.2"]
[White "Perez Rodrigo, Alicia"]
[Black "Ruperez Benito, Paula"]
[Result "0-1"]
[WhiteElo "1392"]
[BlackElo "1478"]
[PlyCount "106"]
[EventDate "2016.04.16"]
[EventType "tourn"]
[EventRounds "7"]
[EventCountry "ESP"]
[SourceTitle "Ajedrez en Madrid"]
[Source "lmi"]
[SourceDate "2016.04.16"]

1. d4 d5 2. c4 e6 3. Nc3 Nf6 4. Nf3 Nbd7 5. Bg5 h6 6. Bh4 Be7 7. e3 Ne4 8. g3
g5 9. Bxg5 hxg5 10. Bd3 Ndf6 11. Bxe4 Nxe4 12. Qe2 Bb4 13. Rc1 c6 14. O-O Bxc3
15. bxc3 Qf6 16. c5 g4 17. Ne5 Ng5 18. Qxg4 Qf5 19. Qxf5 exf5 20. h4 Ne4 21.
Kg2 Rg8 22. Rh1 Nf6 23. Rcg1 Nh5 24. Kf1 f6 25. Nd3 b6 26. Nf4 Ba6+ 27. Ke1
Nxf4 28. exf4 O-O-O 29. Kd1 bxc5 30. dxc5 d4 31. Kc2 d3+ 32. Kd2 Rge8 33. Re1
Re2+ 34. Kd1 Rxa2 35. f3 Bc4 36. Reg1 Bb3+ 37. Kc1 Ra1+ 38. Kd2 Ra2+ 39. Kc1
d2+ 40. Kb1 Ra5 41. h5 d1=Q+ 42. Rxd1 Bxd1 43. h6 Bxf3 44. Rc1 Be4+ 45. Kb2 Rd7
46. c4 Rh7 47. Rd1 Rxh6 48. Rd6 Rh2+ 49. Kc3 Raa2 50. Rxf6 Rhd2 51. Rf8+ Kb7
52. Rf7+ Ka6 53. Re7 Rd3+ 0-1

[Event "Madrid-ch sub-14 femenino"]
[Site "Madrid ESP"]
[Date "2016.04.24"]
[Round "7.3"]
[White "Ruperez Benito, Yaiza"]
[Black "Bermejo Calvo, Nora"]
[Result "1/2-1/2"]
[WhiteElo "1477"]
[BlackElo "1276"]
[PlyCount "110"]
[EventDate "2016.04.16"]
[EventType "tourn"]
[EventRounds "7"]
[EventCountry "ESP"]
[SourceTitle "Ajedrez en Madrid"]
[Source "lmi"]
[SourceDate "2016.04.16"]

1. e4 e6 2. d4 d5 3. exd5 exd5 4. Bd3 Nc6 5. Ne2 Nf6 6. Nbc3 Bd6 7. Bg5 Be7 8.
O-O O-O 9. Nf4 Be6 10. Re1 Nxd4 11. Bxh7+ Nxh7 12. Bxe7 Qxe7 13. Qxd4 c6 14.
Nce2 Qd6 15. Ng3 c5 16. Qe3 Rfe8 17. Nd3 d4 18. Qf3 b6 19. Nf5 Qd7 20. Ne5 Ng5
21. Qxa8 Rxa8 22. Nxd7 Bxf5 23. Ne5 Bxc2 24. f4 Ne6 25. Rf1 Bf5 26. Nc6 a5 27.
Ne7+ Kf8 28. Nxf5 b5 29. Rf3 g6 30. Nd6 b4 31. Rc1 a4 32. f5 gxf5 33. Rxf5 Ke7
34. Nb7 d3 35. Rd5 Nd4 36. Re1+ Kf6 37. Nxc5 Nc2 38. Rf1+ Kg7 39. Rxd3 a3 40.
b3 Re8 41. Rdf3 Re7 42. h3 Nd4 43. Rg3+ Kf8 44. Kh2 Re2 45. Rg1 Nc2 46. Rd1 Ne3
47. Rd3 Nf1+ 48. Kg1 Nxg3 49. Rxg3 Rxa2 50. Rd3 Rb2 51. Rd8+ Ke7 52. Ra8 a2 53.
Kh2 Kd6 54. Nd3 Rxb3 55. Nc1 Ra3 1/2-1/2

[Event "Madrid-ch sub-14 femenino"]
[Site "Madrid ESP"]
[Date "2016.04.24"]
[Round "7.4"]
[White "Andrade Sandoval, Bianca"]
[Black "Rial Rodriguez, Marta"]
[Result "1-0"]
[WhiteElo "1732"]
[BlackElo "1481"]
[PlyCount "95"]
[EventDate "2016.04.16"]
[EventType "tourn"]
[EventRounds "7"]
[EventCountry "ESP"]
[SourceTitle "Ajedrez en Madrid"]
[Source "lmi"]
[SourceDate "2016.04.16"]

1. d4 Nf6 2. Nf3 g6 3. Bf4 Bg7 4. e3 O-O 5. Nbd2 d6 6. h3 Re8 7. Be2 Nbd7 8. c3
e5 9. dxe5 dxe5 10. Bh2 c5 11. Qc2 b6 12. Ne4 Nxe4 13. Qxe4 Rb8 14. Rd1 Qe7 15.
Bb5 a6 16. Bc6 Qe6 17. Qd5 Nf6 18. Qxe6 Rxe6 19. Rd8+ Bf8 20. Nxe5 b5 21. Bd7
Bxd7 22. Rxb8 Be8 23. Ng4 Nd7 24. Rc8 h5 25. O-O hxg4 26. hxg4 Kg7 27. Rd1 Kf6
28. Rxe8 Rxe8 29. Rxd7 Re4 30. g5+ Ke6 31. Ra7 Ra4 32. a3 b4 33. cxb4 cxb4 34.
Bf4 bxa3 35. bxa3 Rxa3 36. Ra8 Ra1+ 37. Kh2 Bd6 38. Re8+ Kd7 39. Ra8 Bxf4+ 40.
exf4 Ke6 41. g4 Ra2 42. Kg3 a5 43. Ra6+ Kd5 44. f5 gxf5 45. gxf5 Ra3+ 46. f3
Ra1 47. g6 fxg6 48. fxg6 1-0